| 000 | 00971nam a22002417a 4500 | ||
|---|---|---|---|
| 003 | OSt | ||
| 005 | 20250827102112.0 | ||
| 008 | 240305b ||||| |||| 00| 0 eng d | ||
| 040 | _c0 | ||
| 082 | _aDPer 621.317 Ie21 July 2022 v.37 n. 7 | ||
| 100 |
_aPerera, Nirmana. _eauthor. _954013 |
||
| 245 |
_aHard-switching losses in power FETs : _bthe role of output capacitance / |
||
| 260 |
_aNew York ; _bThe Institute of Electrical and Electronics Engineers, Inc. , _cJuly 2022. |
||
| 300 |
_avolume 37, pages 7604-7616 : _billustration ; _c28 cm. |
||
| 500 | _aIEEE Transaction on Power Electronics Society, vol. 37, no. 7, pages 7604-7616,July 2022. | ||
| 700 |
_aPerera, Nirmana. _eauthor. _954013 |
||
| 700 |
_aJafari, Armin. _eauthor. _954014 |
||
| 700 |
_aSoleimanzadeh, Reza. _eauthor. _954015 |
||
| 700 |
_aBollier, Nicolas. _eauthor. _954016 |
||
| 700 |
_aAbeyratne, Sunil Gamini. _eauthor. _954017 |
||
| 700 |
_aMatioli, Elison. _eauthor. _954018 |
||
| 942 |
_2ddc _cPER |
||
| 999 |
_c19530 _d19530 |
||